[Event "Moscow Youth U19 2019"]
[Site "Moscow"]
[Date "2019.11.22"]
[Round "5.2"]
[White "Vetokhin, Savva"]
[Black "Fedorov, Nikita"]
[Result "1-0"]
[WhiteElo "2081"]
[BlackElo "2133"]
[Annotator "NA"]
[PlyCount "109"]
[EventDate "2019.11.18"]
[EventType "swiss"]
[EventCountry "RUS"]
[SourceTitle "playchess.com"]
[Source "ChessBase"]
[SourceQuality "1"]
[TimeControl "5400+30"]

1. e4 {[%emt 0:00:00]} d6 {[%emt 0:00:00]} 2. d4 {[%emt 0:00:01]} Nf6 {[%emt 0:00:00]} 3. Nc3 {[%emt 0:00:09]} g6 {[%emt 0:00:00]} 4. f4 {[%emt 0:00:08]} Bg7 {[%emt 0:00:00]} 5. Bd3 {[%emt 0:00:04]} O-O {[%emt 0:00:01]} 6. Nf3 {[%emt 0:00:07]} c6 {[%emt 0:01:18]} 7. O-O {[%emt 0:01:27]} b5 {[%emt 0:04:43]} 8. e5 {[%emt 0:04:37]} dxe5 {[%emt 0:02:16]} 9. dxe5 {[%emt 0:00:49]} Nd5 {[%emt 0:09:08]} 10. Nxd5 {[%emt 0:01:53]} Qxd5 {[%emt 0:00:10]} 11. Qe2 {[%emt 0:00:24]} Qd8 {[%emt 0:24:10]} 12. Be4 {[%emt 0:04:44]} Bg4 {[%emt 0:04:54]} 13. Rd1 {[%emt 0:02:38]} Qc7 {[%emt 0:00:53]} 14. h3 {[%emt 0:01:06]} Bxf3 {[%emt 0:01:19]} 15. Qxf3 {[%emt 0:00:25]} e6 {[%emt 0:01:59]} 16. Be3 {[%emt 0:02:00]} Rc8 {[%emt 0:02:07]} 17. Rd6 {[%emt 0:03:19]} Bf8 {[%emt 0:02:58]} 18. Rad1 {[%emt 0:00:47]} f5 {[%emt 0:05:12]} 19. Bd3 {[%emt 0:04:29]} Bxd6 {[%emt 0:01:24]} 20. exd6 {[%emt 0:00:05]} Qxd6 {[%emt 0:14:20]} 21. Bxf5 {[%emt 0:00:27]} Qe7 {[%emt 0:00:49]} 22. Be4 {[%emt 0:00:33]} Rd8 {[%emt 0:01:27]} 23. Re1 {[%emt 0:06:19]} Nd7 {[%emt 0:02:47]} 24. Bxc6 {[%emt 0:00:56]} Rac8 {[%emt 0:00:24]} 25. Re2 {[%emt 0:08:40]} b4 {[%emt 0:02:14]} 26. Bxa7 {[%emt 0:02:02]} Ne5 {[%emt 0:06:29]} 27. Rxe5 {[%emt 0:01:42]} Qxa7+ {[%emt 0:00:04]} 28. Kh2 {[%emt 0:00:22]} Rd6 {[%emt 0:01:11]} 29. Be4 {[%emt 0:00:50]} Rf8 {[%emt 0:03:51]} 30. h4 {[%emt 0:04:09]} Qf7 {[%emt 0:04:31]} 31. g3 {[%emt 0:00:05]} Rd2+ {[%emt 0:00:35]} 32. Kh3 {[%emt 0:00:07]} Qa7 {[%emt 0:01:57]} 33. h5 {[%emt 0:01:42]} Qg1 {[%emt 0:01:10]} 34. hxg6 {[%emt 0:00:28]} hxg6 {[%emt 0:01:37]} 35. Bxg6 {[%emt 0:02:06]} Rh2+ {[%emt 0:00:30]} 36. Kg4 {[%emt 0:00:01]} Qa7 {[%emt 0:00:47]} 37. Rg5 {[%emt 0:00:55]} Kh8 {[%emt 0:00:24]} 38. Qe4 {[%emt 0:00:40]} Rg8 {[%emt 0:00:45]} 39. Qxe6 {[%emt 0:01:33]} Rh6 {[%emt 0:00:25]} 40. Qe5+ {[%emt 0:01:35]} Rg7 {[%emt 0:00:33]} 41. Bf5 {[%emt 0:00:31]} Qf7 {[%emt 0:00:20]} 42. Qxg7+ {[%emt 0:01:32]} Qxg7 {[%emt 0:00:06]} 43. Rxg7 {[%emt 0:00:04]} Kxg7 {[%emt 0:00:12]} 44. Bd3 {[%emt 0:00:32]} Re6 {[%emt 0:00:35]} 45. Kg5 {[%emt 0:00:13]} Re1 {[%emt 0:00:14]} 46. f5 {[%emt 0:00:50]} Rb1 {[%emt 0:00:20]} 47. f6+ {[%emt 0:00:05]} Kf8 {[%emt 0:00:56]} 48. b3 {[%emt 0:00:16]} Ra1 {[%emt 0:00:25]} 49. g4 {[%emt 0:00:08]} Rxa2 {[%emt 0:00:19]} 50. Kg6 {[%emt 0:00:05]} Ra5 {[%emt 0:01:00]} 51. g5 {[%emt 0:00:09]} Re5 {[%emt 0:00:37]} 52. Kh6 {[%emt 0:00:10]} Re1 {[%emt 0:00:38]} 53. g6 {[%emt 0:00:06]} Rh1+ {[%emt 0:00:10]} 54. Kg5 {[%emt 0:00:04]} Rg1+ {[%emt 0:00:13]} 55. Kf5 {[%emt 0:00:04]} 1-0

[Event "Moscow Youth U19 2019"]
[Site "Moscow"]
[Date "2019.11.22"]
[Round "5.3"]
[White "Beliuga, Mikhail"]
[Black "Gurvich, Vitaly"]
[Result "1/2-1/2"]
[WhiteElo "1816"]
[BlackElo "2265"]
[Annotator "NA"]
[PlyCount "127"]
[EventDate "2019.11.18"]
[EventType "swiss"]
[EventCountry "RUS"]
[SourceTitle "playchess.com"]
[Source "ChessBase"]
[SourceQuality "1"]
[TimeControl "5400+30"]

1. e4 {[%emt 0:00:00]} d6 {[%emt 0:04:29]} 2. d4 {[%emt 0:00:00]} Nf6 {[%emt 0:00:22]} 3. Nc3 {[%emt 0:00:00]} e5 {[%emt 0:00:21]} 4. dxe5 {[%emt 0:01:00]} dxe5 {[%emt 0:00:04]} 5. Qxd8+ {[%emt 0:00:06]} Kxd8 {[%emt 0:00:05]} 6. Bc4 {[%emt 0:02:42]} Ke8 {[%emt 0:00:12]} 7. f3 {[%emt 0:12:27]} c6 {[%emt 0:01:23]} 8. Be3 {[%emt 0:00:20]} Nbd7 {[%emt 0:06:15]} 9. Nge2 {[%emt 0:07:03]} Bc5 {[%emt 0:02:47]} 10. Bxc5 {[%emt 0:08:05]} Nxc5 {[%emt 0:00:14]} 11. b4 {[%emt 0:01:07]} Ncd7 {[%emt 0:04:03]} 12. Kf2 {[%emt 0:06:28]} Nb6 {[%emt 0:00:27]} 13. Bb3 {[%emt 0:01:18]} Ke7 {[%emt 0:10:34]} 14. Na4 {[%emt 0:16:35]} Nxa4 {[%emt 0:07:58]} 15. Bxa4 {[%emt 0:00:01]} a5 {[%emt 0:00:13]} 16. b5 {[%emt 0:03:23]} cxb5 {[%emt 0:00:08]} 17. Bxb5 {[%emt 0:00:04]} Be6 {[%emt 0:00:03]} 18. c4 {[%emt 0:02:18]} Rac8 {[%emt 0:02:01]} 19. Rab1 {[%emt 0:01:38]} Rhd8 {[%emt 0:02:08]} 20. Ke3 {[%emt 0:02:17]} Nd7 {[%emt 0:01:22]} 21. Rhc1 {[%emt 0:06:33]} Nc5 {[%emt 0:01:04]} 22. Rd1 {[%emt 0:01:40]} g5 {[%emt 0:15:07]} 23. Nc3 {[%emt 0:03:17]} h5 {[%emt 0:00:18]} 24. Rxd8 {[%emt 0:02:39]} Rxd8 {[%emt 0:00:38]} 25. Nd5+ {[%emt 0:00:17]} Bxd5 {[%emt 0:00:31]} 26. cxd5 {[%emt 0:00:22]} f5 {[%emt 0:01:04]} 27. Bc4 {[%emt 0:02:10]} f4+ {[%emt 0:03:00]} 28. Ke2 {[%emt 0:04:20]} Rd6 {[%emt 0:00:10]} 29. Rb5 {[%emt 0:02:11]} b6 {[%emt 0:00:07]} 30. Rb1 {[%emt 0:00:03]} Na4 {[%emt 0:05:30]} 31. Kd2 {[%emt 0:00:55]} g4 {[%emt 0:02:46]} 32. Bb5 {[%emt 0:00:50]} Nc5 {[%emt 0:00:01]} 33. Bc6 {[%emt 0:06:22]} gxf3 {[%emt 0:00:26]} 34. gxf3 {[%emt 0:00:02]} Ne6 {[%emt 0:00:01]} 35. Rxb6 {[%emt 0:03:14]} Nd4 {[%emt 0:00:05]} 36. Kc3 {[%emt 0:00:04]} Nxf3 {[%emt 0:00:19]} 37. Rb7+ {[%emt 0:00:56]} Kf8 {[%emt 0:02:32]} 38. Rh7 {[%emt 0:00:58]} Nd4 {[%emt 0:09:32]} 39. Rxh5 {[%emt 0:03:16]} Nxc6 {[%emt 0:00:09]} 40. dxc6 {[%emt 0:00:02]} Rxc6+ {[%emt 0:00:01]} 41. Kd3 {[%emt 0:01:10]} Rc5 {[%emt 0:00:06]} 42. Rh7 {[%emt 0:00:39]} Rc6 {[%emt 0:05:27]} 43. Rh5 {[%emt 0:01:49]} Re6 {[%emt 0:00:14]} 44. Rf5+ {[%emt 0:00:45]} Ke7 {[%emt 0:01:16]} 45. Ke2 {[%emt 0:00:01]} Kd6 {[%emt 0:00:23]} 46. h4 {[%emt 0:00:32]} Rg6 {[%emt 0:01:46]} 47. h5 {[%emt 0:00:55]} Rg2+ {[%emt 0:00:08]} 48. Kf3 {[%emt 0:00:25]} Rg3+ {[%emt 0:02:00]} 49. Kf2 {[%emt 0:00:16]} Rh3 {[%emt 0:05:16]} 50. Rg5 {[%emt 0:00:36]} a4 {[%emt 0:00:45]} 51. Kg2 {[%emt 0:00:35]} Rh4 {[%emt 0:00:10]} 52. Kf3 {[%emt 0:00:31]} Rh2 {[%emt 0:01:28]} 53. Rg6+ {[%emt 0:00:41]} Kc5 {[%emt 0:00:22]} 54. Kg4 {[%emt 0:00:22]} Kd4 {[%emt 0:01:51]} 55. Ra6 {[%emt 0:00:23]} Kxe4 {[%emt 0:00:44]} 56. Rxa4+ {[%emt 0:00:01]} Ke3 {[%emt 0:00:07]} 57. Ra3+ {[%emt 0:00:32]} Ke4 {[%emt 0:02:29]} 58. Ra4+ {[%emt 0:00:20]} Kd5 {[%emt 0:00:12]} 59. Ra5+ {[%emt 0:00:19]} Ke4 {[%emt 0:02:23]} 60. Ra4+ {[%emt 0:00:01]} Ke3 {[%emt 0:00:10]} 61. Ra3+ {[%emt 0:00:09]} Ke4 {[%emt 0:04:04]} 62. Ra4+ {[%emt 0:00:04]} Kd5 {[%emt 0:00:37]} 63. Ra5+ {[%emt 0:00:01]} Ke4 {[%emt 0:00:30]} 64. Ra4+ {[%emt 0:00:01]} 1/2-1/2

[Event "Moscow Youth U19 2019"]
[Site "Moscow"]
[Date "2019.11.22"]
[Round "5.4"]
[White "Yeritsyan, Aram"]
[Black "Sekoyan, Vachagan"]
[Result "1-0"]
[WhiteElo "2276"]
[BlackElo "2084"]
[Annotator "NA"]
[PlyCount "53"]
[EventDate "2019.11.18"]
[EventType "swiss"]
[EventCountry "RUS"]
[SourceTitle "playchess.com"]
[Source "ChessBase"]
[SourceQuality "1"]
[TimeControl "5400+30"]

1. e4 {[%emt 0:00:00]} g6 {[%emt 0:00:00]} 2. d4 {[%emt 0:00:00]} Bg7 {[%emt 0:00:00]} 3. Nc3 {[%emt 0:00:00]} d6 {[%emt 0:00:22]} 4. Be2 {[%emt 0:00:51]} a6 {[%emt 0:00:17]} 5. h4 {[%emt 0:00:09]} h5 {[%emt 0:01:20]} 6. Nf3 {[%emt 0:02:25]} b5 {[%emt 0:05:15]} 7. Be3 {[%emt 0:01:06]} Nd7 {[%emt 0:02:04]} 8. Ng5 {[%emt 0:01:58]} Bb7 {[%emt 0:06:37]} 9. Qd2 {[%emt 0:10:48]} Ngf6 {[%emt 0:06:31]} 10. f3 {[%emt 0:00:06]} c5 {[%emt 0:13:54]} 11. dxc5 {[%emt 0:18:28]} dxc5 {[%emt 0:00:42]} 12. Bf4 {[%emt 0:07:56]} e5 {[%emt 0:22:35]} 13. Bg3 {[%emt 0:03:22]} Qe7 {[%emt 0:36:53]} 14. a4 {[%emt 0:00:48]} b4 {[%emt 0:00:00]} 15. Nd1 {[%emt 0:01:29]} a5 {[%emt 0:00:00]} 16. Ne3 {[%emt 0:00:38]} Nb6 {[%emt 0:00:00]} 17. Bb5+ {[%emt 0:09:26]} Nfd7 {[%emt 0:00:00]} 18. O-O-O {[%emt 0:00:09]} O-O-O {[%emt 0:00:00]} 19. Nd5 {[%emt 0:08:18]} Nxd5 {[%emt 0:00:00]} 20. exd5 {[%emt 0:00:04]} Bh6 {[%emt 0:00:00]} 21. f4 {[%emt 0:00:58]} f6 {[%emt 0:00:00]} 22. Ne6 {[%emt 0:01:11]} Rde8 {[%emt 0:00:00]} 23. Kb1 {[%emt 0:01:43]} Rh7 {[%emt 0:01:54]} 24. Qf2 {[%emt 0:02:17]} Qd6 {[%emt 0:02:31]} 25. fxe5 {[%emt 0:11:11]} fxe5 {[%emt 0:00:13]} 26. Qe2 {[%emt 0:00:44]} Bf4 {[%emt 0:01:04]} 27. Nxf4 {[%emt 0:00:09]} 1-0

[Event "Moscow Youth U19 2019"]
[Site "Moscow"]
[Date "2019.11.22"]
[Round "5.5"]
[White "Orlov, Aleksandr"]
[Black "Usov, Aleksandr E."]
[Result "*"]
[WhiteElo "1965"]
[BlackElo "1930"]
[Annotator "NA"]
[PlyCount "89"]
[EventDate "2019.11.18"]
[EventType "swiss"]
[EventCountry "RUS"]
[SourceTitle "playchess.com"]
[Source "ChessBase"]
[SourceQuality "1"]
[TimeControl "5400+30"]

1. d4 {[%emt 0:00:00]} d5 {[%emt 0:00:00]} 2. c4 {[%emt 0:00:00]} c6 {[%emt 0:00:00]} 3. Nc3 {[%emt 0:00:00]} Nf6 {[%emt 0:00:00]} 4. e3 {[%emt 0:00:00]} Bg4 {[%emt 0:00:26]} 5. Qb3 {[%emt 0:01:26]} Qd7 {[%emt 0:00:14]} (5... Qb6 6. h3 Bf5 7. g4 Qxb3 8. axb3 Bc2 9. g5 Nfd7 10. cxd5 Bxb3 11. Bg2 Nb6 12. dxc6 Nxc6 13. Nf3 {½-½ (66) Potkin,V (2671)-Vallejo Pons,F (2716) Germany 2011}) 6. cxd5 {[%emt 0:01:33] D10: Slav Defence: 3 cxd5 (without early Nf3) and 3 Nc3} cxd5 {[%emt 0:00:05]} 7. Bd3 {[%emt 0:01:02]} Nc6 {[%emt 0:01:49]} 8. f3 $146 {[%emt 0:01:45]} ({Predecessor:} 8. Nge2 e6 9. O-O Rc8 10. Rd1 Be7 11. f3 Bh5 12. Nf4 Bg6 13. Nxg6 hxg6 {1-0 (58) Eranyan,K-Galopoulos,P Urgup 2004}) 8... Bh5 {[%emt 0:00:29]} 9. Nge2 {[%emt 0:00:30]} e6 {[%emt 0:01:43]} 10. O-O {[%emt 0:04:51]} Bg6 {[%emt 0:05:13]} 11. Nf4 {[%emt 0:09:13]} Bd6 {[%emt 0:00:39]} 12. Nce2 {[%emt 0:00:15]} Bxd3 {[%emt 0:03:52]} 13. Nxd3 {[%emt 0:00:59]} e5 {[%emt 0:00:11]} 14. dxe5 {[%emt 0:03:03]} Nxe5 {[%emt 0:00:07]} 15. Ndf4 {[%emt 0:03:06]} O-O {[%emt 0:01:51]} 16. Nc3 {[%emt 0:03:59]} Nc4 {[%emt 0:08:51]} 17. Rd1 {[%emt 0:11:41]} Bxf4 {[%emt 0:01:05]} 18. exf4 {[%emt 0:00:38]} Qc6 {[%emt 0:02:05]} 19. Qb5 {[%emt 0:02:18]} Rfe8 {[%emt 0:02:59]} 20. Qxc6 {[%emt 0:01:53]} bxc6 {[%emt 0:00:08]} 21. b3 {[%emt 0:00:10]} Nd6 {[%emt 0:05:28]} 22. Bb2 {[%emt 0:02:13]} Rab8 {[%emt 0:02:04]} 23. Na4 {[%emt 0:02:12]} Nd7 {[%emt 0:01:18]} 24. Rac1 {[%emt 0:00:51]} Rbc8 {[%emt 0:00:45]} 25. Kf2 {[%emt 0:02:15]} f6 {[%emt 0:00:35]} 26. Rc2 {[%emt 0:01:46]} Nb6 {[%emt 0:03:39]} 27. Nc5 {[%emt 0:01:02]} Nf5 {[%emt 0:02:12]} 28. Bd4 {[%emt 0:02:39]} Kf7 {[%emt 0:00:58]} 29. a4 {[%emt 0:05:42]} Re7 {[%emt 0:01:34]} 30. g4 {[%emt 0:01:56]} Nxd4 {[%emt 0:01:47]} 31. Rxd4 {[%emt 0:00:43]} Nd7 $18 {[%emt 0:01:20]} (31... h5 $14) 32. Nb7 {[%emt 0:07:31]} Kf8 {[%emt 0:06:04]} 33. Nd6 {[%emt 0:00:48]} Rd8 {[%emt 0:02:13]} 34. Rxc6 {[%emt 0:01:43]} Nb8 {[%emt 0:00:06]} 35. Rc8 {[%emt 0:00:07]} Rxc8 {[%emt 0:00:02]} 36. Nxc8 {[%emt 0:00:06]} Rd7 {[%emt 0:00:05]} 37. Rd1 {[%emt 0:14:28]} Ke8 {[%emt 0:46:33]} 38. b4 {[%emt 0:00:23]} d4 {[%emt 0:08:24]} 39. Ke2 {[%emt 0:00:52]} Kd8 {[%emt 0:01:10]} 40. Rc1 {[%emt 0:00:26]} d3+ {[%emt 0:00:15]} 41. Kd2 {[%emt 0:00:10]} Na6 {[%emt 0:01:04]} 42. b5 {[%emt 0:00:56]} Nb4 {[%emt 0:00:05]} 43. b6 {[%emt 0:00:29]} axb6 {[%emt 0:03:54]} 44. Nxb6 {[%emt 0:00:05]} Rb7 {[%emt 0:00:23]} 45. a5 {[%emt 0:14:45]} *

[Event "Moscow Youth U19 2019"]
[Site "Moscow"]
[Date "2019.11.22"]
[Round "5.5"]
[White "Snegovsky-Orlov, Alexandr"]
[Black "Uskov, Alexandr A."]
[Result "1/2-1/2"]
[WhiteElo "1736"]
[BlackElo "1893"]
[Annotator "NA"]
[PlyCount "163"]
[EventDate "2019.11.18"]
[EventType "swiss"]
[EventCountry "RUS"]
[SourceTitle "playchess.com"]
[Source "ChessBase"]
[SourceQuality "1"]
[TimeControl "5400+30"]

1. d4 {[%emt 0:00:00]} d5 {[%emt 0:00:00]} 2. c4 {[%emt 0:00:00]} c6 {[%emt 0:00:00]} 3. Nc3 {[%emt 0:00:00]} Nf6 {[%emt 0:00:00]} 4. e3 {[%emt 0:00:00]} Bg4 {[%emt 0:00:26]} 5. Qb3 {[%emt 0:01:26]} Qd7 {[%emt 0:00:14]} 6. cxd5 {[%emt 0:01:33]} cxd5 {[%emt 0:00:05]} 7. Bd3 {[%emt 0:01:02]} Nc6 {[%emt 0:01:49]} 8. f3 {[%emt 0:01:45]} Bh5 {[%emt 0:00:29]} 9. Nge2 {[%emt 0:00:30]} e6 {[%emt 0:01:43]} 10. O-O {[%emt 0:04:51]} Bg6 {[%emt 0:05:13]} 11. Nf4 {[%emt 0:09:13]} Bd6 {[%emt 0:00:39]} 12. Nce2 {[%emt 0:00:15]} Bxd3 {[%emt 0:03:52]} 13. Nxd3 {[%emt 0:00:59]} e5 {[%emt 0:00:11]} 14. dxe5 {[%emt 0:03:03]} Nxe5 {[%emt 0:00:07]} 15. Ndf4 {[%emt 0:03:06]} O-O {[%emt 0:01:51]} 16. Nc3 {[%emt 0:03:59]} Nc4 {[%emt 0:08:51]} 17. Rd1 {[%emt 0:11:41]} Bxf4 {[%emt 0:01:05]} 18. exf4 {[%emt 0:00:38]} Qc6 {[%emt 0:02:05]} 19. Qb5 {[%emt 0:02:18]} Rfe8 {[%emt 0:02:59]} 20. Qxc6 {[%emt 0:01:53]} bxc6 {[%emt 0:00:08]} 21. b3 {[%emt 0:00:10]} Nd6 {[%emt 0:05:28]} 22. Bb2 {[%emt 0:02:13]} Rab8 {[%emt 0:02:04]} 23. Na4 {[%emt 0:02:12]} Nd7 {[%emt 0:01:18]} 24. Rac1 {[%emt 0:00:51]} Rbc8 {[%emt 0:00:45]} 25. Kf2 {[%emt 0:02:15]} f6 {[%emt 0:00:35]} 26. Rc2 {[%emt 0:01:46]} Nb6 {[%emt 0:03:39]} 27. Nc5 {[%emt 0:01:02]} Nf5 {[%emt 0:02:12]} 28. Bd4 {[%emt 0:02:39]} Kf7 {[%emt 0:00:58]} 29. a4 {[%emt 0:05:42]} Re7 {[%emt 0:01:34]} 30. g4 {[%emt 0:01:56]} Nxd4 {[%emt 0:01:47]} 31. Rxd4 {[%emt 0:00:43]} Nd7 {[%emt 0:01:20]} 32. Nb7 {[%emt 0:07:31]} Kf8 {[%emt 0:06:04]} 33. Nd6 {[%emt 0:00:48]} Rd8 {[%emt 0:02:13]} 34. Rxc6 {[%emt 0:01:43]} Nb8 {[%emt 0:00:06]} 35. Rc8 {[%emt 0:00:07]} Rxc8 {[%emt 0:00:02]} 36. Nxc8 {[%emt 0:00:06]} Rd7 {[%emt 0:00:05]} 37. Rd1 {[%emt 0:14:28]} Ke8 {[%emt 0:03:31]} 38. b4 {[%emt 0:00:23]} d4 {[%emt 0:08:24]} 39. Ke2 {[%emt 0:00:52]} Kd8 {[%emt 0:01:10]} 40. Rc1 {[%emt 0:00:26]} d3+ {[%emt 0:00:15]} 41. Kd2 {[%emt 0:00:10]} Na6 {[%emt 0:01:04]} 42. b5 {[%emt 0:00:56]} Nb4 {[%emt 0:00:05]} 43. b6 {[%emt 0:00:29]} axb6 {[%emt 0:03:54]} 44. Nxb6 {[%emt 0:00:05]} Rb7 {[%emt 0:00:23]} 45. a5 {[%emt 0:00:22]} Rc7 {[%emt 0:04:21]} 46. Rxc7 {[%emt 0:00:42]} Kxc7 {[%emt 0:00:07]} 47. Nc4 {[%emt 0:00:19]} Kc6 {[%emt 0:00:13]} 48. Nb2 {[%emt 0:01:36]} Kb5 {[%emt 0:00:40]} 49. Nxd3 {[%emt 0:00:09]} Nc6 {[%emt 0:01:07]} 50. a6 {[%emt 0:00:45]} Kxa6 {[%emt 0:00:06]} 51. Nc5+ {[%emt 0:00:07]} Kb5 {[%emt 0:00:41]} 52. Ne6 {[%emt 0:00:10]} g6 {[%emt 0:06:10]} 53. Nf8 {[%emt 0:00:20]} Ne7 {[%emt 0:00:15]} 54. Nxh7 {[%emt 0:00:18]} Nd5 {[%emt 0:00:12]} 55. h4 {[%emt 0:06:40]} Kc5 {[%emt 0:03:33]} 56. f5 {[%emt 0:04:43]} gxf5 {[%emt 0:00:08]} 57. Nf8 {[%emt 0:01:28]} fxg4 {[%emt 0:00:57]} 58. fxg4 {[%emt 0:00:04]} Kd6 {[%emt 0:00:24]} 59. Ng6 {[%emt 0:00:31]} Ke6 {[%emt 0:01:13]} 60. h5 {[%emt 0:00:52]} Kf7 {[%emt 0:06:11]} 61. Kd3 {[%emt 0:00:09]} Nc7 {[%emt 0:13:29]} 62. Nf4 {[%emt 0:00:50]} Na6 {[%emt 0:00:00]} 63. Ke4 {[%emt 0:00:42]} Nb4 {[%emt 0:00:00]} 64. Nd5 {[%emt 0:01:07]} Nc6 {[%emt 0:00:00]} 65. Kf4 {[%emt 0:00:26]} Nd4 {[%emt 0:00:00]} 66. Ne3 {[%emt 0:01:05]} Nc6 {[%emt 0:00:00]} 67. Nf5 {[%emt 0:00:12]} Ne5 {[%emt 0:00:00]} 68. Nd6+ {[%emt 0:01:07]} Ke6 {[%emt 0:00:00]} 69. Nf5 {[%emt 0:00:38]} Kf7 {[%emt 0:00:00]} 70. Nh4 {[%emt 0:00:07]} Nc6 {[%emt 0:00:15]} 71. Nf3 {[%emt 0:00:05]} Ne7 {[%emt 0:00:20]} 72. Nd4 {[%emt 0:00:26]} Nd5+ {[%emt 0:00:15]} 73. Ke4 {[%emt 0:00:14]} Nc3+ {[%emt 0:00:19]} 74. Kf5 {[%emt 0:00:22]} Nd5 {[%emt 0:00:07]} 75. Nb5 {[%emt 0:00:31]} Ne7+ {[%emt 0:00:44]} 76. Kf4 {[%emt 0:00:22]} Ke6 {[%emt 0:01:23]} 77. Nc7+ {[%emt 0:00:48]} Kd7 {[%emt 0:00:51]} 78. h6 {[%emt 0:01:38]} Kxc7 {[%emt 0:00:07]} 79. g5 {[%emt 0:00:46]} Kd6 {[%emt 0:00:47]} 80. gxf6 {[%emt 0:00:23]} Ng6+ {[%emt 0:00:20]} 81. Kf5 {[%emt 0:01:01]} Nf8 {[%emt 0:00:15]} 82. Ke4 {[%emt 0:01:10] Ke5+} 1/2-1/2

[Event "Moscow Youth U19 2019"]
[Site "Moscow"]
[Date "2019.11.22"]
[Round "5.6"]
[White "Gotsiuk, Denis"]
[Black "Zavialov, Nikita A."]
[Result "1/2-1/2"]
[WhiteElo "1976"]
[BlackElo "2066"]
[Annotator "NA"]
[PlyCount "121"]
[EventDate "2019.11.18"]
[EventType "swiss"]
[EventCountry "RUS"]
[SourceTitle "playchess.com"]
[Source "ChessBase"]
[SourceQuality "1"]
[TimeControl "5400+30"]

1. d4 {[%emt 0:00:00]} d5 {[%emt 0:03:08]} 2. Bf4 {[%emt 0:00:52]} g6 {[%emt 0:00:07]} 3. e3 {[%emt 0:00:28]} Bg7 {[%emt 0:00:18]} 4. Nf3 {[%emt 0:00:32]} c5 {[%emt 0:01:08]} 5. c3 {[%emt 0:00:43]} Qb6 {[%emt 0:05:06]} 6. Qb3 {[%emt 0:00:45]} Qxb3 {[%emt 0:07:28]} 7. axb3 {[%emt 0:00:01]} cxd4 {[%emt 0:01:37]} 8. exd4 {[%emt 0:00:03]} Nc6 {[%emt 0:03:19]} 9. b4 {[%emt 0:01:15]} f6 {[%emt 0:13:12]} 10. b5 {[%emt 0:04:01]} Nd8 {[%emt 0:00:13]} 11. c4 {[%emt 0:12:34]} g5 {[%emt 0:04:10]} 12. Be3 {[%emt 0:00:58]} g4 {[%emt 0:01:46]} 13. Nfd2 {[%emt 0:01:18]} e6 {[%emt 0:05:59]} 14. Nc3 {[%emt 0:05:53]} Ne7 {[%emt 0:00:14]} 15. g3 {[%emt 0:01:24]} b6 {[%emt 0:09:20]} 16. b4 {[%emt 0:12:48]} dxc4 {[%emt 0:02:08]} 17. Nxc4 {[%emt 0:00:16]} Bb7 {[%emt 0:01:32]} 18. Nd6+ {[%emt 0:00:10]} Kd7 {[%emt 0:02:16]} 19. Nxb7 {[%emt 0:00:07]} Nxb7 {[%emt 0:01:49]} 20. Bg2 {[%emt 0:00:25]} Rab8 {[%emt 0:19:46]} 21. Rxa7 {[%emt 0:00:56]} Rhc8 {[%emt 0:00:28]} 22. Na4 {[%emt 0:21:45]} Rc7 {[%emt 0:02:27]} 23. Nxb6+ {[%emt 0:02:16]} Kd8 {[%emt 0:04:06]} 24. Bf4 {[%emt 0:13:03]} e5 {[%emt 0:00:54]} 25. dxe5 {[%emt 0:01:43]} fxe5 {[%emt 0:00:05]} 26. Bg5 {[%emt 0:00:32]} Nd6 {[%emt 0:03:34]} 27. Rxc7 {[%emt 0:00:28]} Kxc7 {[%emt 0:00:08]} 28. Bxe7 {[%emt 0:00:12]} Rxb6 {[%emt 0:00:39]} 29. Bxd6+ {[%emt 0:00:23]} Rxd6 {[%emt 0:00:42]} 30. h3 {[%emt 0:06:19]} gxh3 {[%emt 0:00:46]} 31. Rxh3 {[%emt 0:00:08]} Rh6 {[%emt 0:01:40]} 32. Rxh6 {[%emt 0:00:59]} Bxh6 {[%emt 0:00:05]} 33. Ke2 {[%emt 0:00:44]} Bf8 {[%emt 0:00:33]} 34. Be4 {[%emt 0:04:28]} h6 {[%emt 0:01:23]} 35. Kf3 {[%emt 0:00:14]} Bxb4 {[%emt 0:00:29]} 36. Kg4 {[%emt 0:00:04]} Be1 {[%emt 0:00:37]} 37. f4 {[%emt 0:00:08]} exf4 {[%emt 0:00:47]} 38. gxf4 {[%emt 0:00:02]} Bb4 {[%emt 0:02:48]} 39. Kh5 {[%emt 0:00:10]} Bf8 {[%emt 0:02:12]} 40. Kg6 {[%emt 0:00:17]} Kb6 {[%emt 0:00:30]} 41. Bd3 {[%emt 0:01:05]} Bd6 {[%emt 0:00:25]} 42. f5 {[%emt 0:00:04]} Bf8 {[%emt 0:00:03]} 43. Be2 {[%emt 0:00:46]} Ka5 {[%emt 0:00:51]} 44. Kf7 {[%emt 0:00:20]} Bc5 {[%emt 0:00:32]} 45. Kf6 {[%emt 0:00:17]} Kb6 {[%emt 0:00:12]} 46. Ke5 {[%emt 0:01:11]} Ba3 {[%emt 0:00:51]} 47. Kd5 {[%emt 0:00:57]} Be7 {[%emt 0:00:34]} 48. Kc4 {[%emt 0:00:17]} Bg5 {[%emt 0:00:23]} 49. Bh5 {[%emt 0:00:09]} Bf6 {[%emt 0:00:28]} 50. Be2 {[%emt 0:00:19]} Bg5 {[%emt 0:00:06]} 51. Kd5 {[%emt 0:00:01]} h5 {[%emt 0:00:45]} 52. Ke4 {[%emt 0:00:56]} h4 {[%emt 0:00:13]} 53. Kf3 {[%emt 0:00:08]} Bd8 {[%emt 0:00:20]} 54. Kg4 {[%emt 0:00:04]} Be7 {[%emt 0:00:13]} 55. Bf1 {[%emt 0:00:03]} Bd8 {[%emt 0:00:07]} 56. Kh5 {[%emt 0:00:05]} h3 {[%emt 0:01:13]} 57. Kg4 {[%emt 0:00:07]} h2 {[%emt 0:00:06]} 58. Bg2 {[%emt 0:00:01]} Kxb5 {[%emt 0:00:09]} 59. Kh3 {[%emt 0:00:08]} Kc5 {[%emt 0:00:12]} 60. Kxh2 {[%emt 0:00:02]} Bf6 {[%emt 0:00:08]} 61. Bf1 {[%emt 0:14:06]} 1/2-1/2